Religion Quiz

Random Religion or Bible Quiz
Score 0/10 Timer 10:00
0 Plays Today
Hint Answer % Correct
Woman David slept withBathsheba
86.6%
The Weeping ProphetJeremiah
79.4%
King David's GrandmotherRuth
75.3%
Jeremiah wrote two Books : Jeremiah and . . . Lamentations
75.3%
Zechariah's wifeElizabeth
63.9%
Prostitute mother of BoazRahab
62.9%
He returned sight to SaulAnanias
51.5%
The Prophet who says the locusts are like God's ArmyJoel
47.4%
Governor in Luke 2Quirinius
40.2%
The King who died when Isaiah had the vision about the seraphsUzziah
34%

You're not logged in!

Compare scores with friends on all Sporcle quizzes.
OR
Log In

Sporcle TV

Today on Sporcle TV


Watch our educational content, quiz creation guides, and fun videos on Sporcle TV.

Show Comments

Extras

Created Sep 30, 2013ReportNominate
Tags:Bible Quiz, obscure

Top Quizzes Today


Score Distribution

Paid Content

Your Account Isn't Verified!

In order to create a playlist on Sporcle, you need to verify the email address you used during registration. Go to your Sporcle Settings to finish the process.

Report this User

Report this user for behavior that violates our Community Guidelines.

Details: